Súhrnné správy v systéme eForms

Pokračovanie z predchádzajúceho čísla. V tomto príspevku autorka prináša podrobnejšie informácie o tomto systéme z užívateľského hľadiska.

Na minha lista:
Detalhes bibliográficos
Autor principal: Scheberová, Magdaléna
Formato: Capítulo de Livro
Idioma:eslovaco
Assuntos:
Tags: Adicionar Tag
Sem tags, seja o primeiro a adicionar uma tag!

MARC

LEADER 00000naa a2200000 4500
001 0298794
005 20240417075300.3
041 0 |a slo 
044 |a SK 
245 1 0 |a Súhrnné správy v systéme eForms  |c Magdaléna Scheberová 
520 |a Pokračovanie z predchádzajúceho čísla. V tomto príspevku autorka prináša podrobnejšie informácie o tomto systéme z užívateľského hľadiska. 
610 2 0 |a obstarávanie verejné 
610 2 0 |a správa verejná elektronická 
610 2 0 |a systémy informačné 
610 2 0 |a zber dát 
100 1 |a Scheberová, Magdaléna